|
|
|
|
| LEADER |
00000nab a2200000ua 4500 |
| 001 |
vtls010828640 |
| 003 |
SK-MaSNL |
| 005 |
20260303140908.0 |
| 008 |
230222s2006 xo |||||||||||||||||eng| |
| 035 |
|
|
|a (urnnbn)urn:nbn:sk:snk:ar-a06erd
|
| 035 |
|
|
|a urn:nbn:sk:snk-ab5u6k
|
| 035 |
|
|
|a (uuid)705831c0-a07e-4e95-8e80-417c31ccfd30
|
| 040 |
|
|
|a SNKBUCL
|b slo
|c SNKBUCL
|e AACR2
|
| 041 |
0 |
|
|a eng
|
| 044 |
|
|
|a xo
|c SK
|
| 100 |
1 |
|
|a Weberova, J.-VOBORILOVA
|4 aut
|9 1159909
|
| 245 |
1 |
0 |
|a Constitutive NF-кВ activity in colorectal cancer cells: impact on radiation-induced NF-кВ activity, radiosensitivity, and apoptosis
|c J. Weberova-Voborilova, R. Voboril
|
| 700 |
1 |
|
|a Voboril, R.
|4 aut
|9 1144333
|
| 773 |
0 |
|
|t Neoplasma : journal of experimental and clinical oncology
|g Roč. 53, č. 6 (2006), s. 518-523
|
| 958 |
|
|
|a OND
|
| 958 |
|
|
|a EUIPO
|
| 958 |
|
|
|a article5
|
| 999 |
|
|
|c 1973483
|d 1975413
|